Wine An Introduction for Americans

Bibliographic Details
Main Authors: Amerine, Maynard A. (Author), Singleton, V. L. (Author)
Format: Book
Language:English
PhysicalDescription:8, 356, [1] s. 8°
Published: Berkeley Univ. of California Press 1972

MARC

LEADER 00000nam a2200000 a 4500
001 vtls001150391
003 SK-MaSNL
005 20260302031426.0
008 250414s1972 US 0 eng
035 |a SNK000093259 
040 |a SNK  |b slo  |c SNK  |e AACR2 
041 0 |a eng 
044 |a US 
080 |a 663.2+634.8=2  |2 1981 
100 1 |a Amerine, Maynard A.  |4 aut  |9 577806 
245 1 0 |a Wine  |b An Introduction for Americans  |c M. A. Amerine, V. L. Singleton 
260 |a Berkeley  |b Univ. of California Press  |c 1972 
300 |a 8, 356, [1] s.  |c 8° 
700 1 |a Singleton, V. L.  |4 aut  |9 679112 
852 |a Slovenská národná knižnica 
954 |a vinárstvo 
958 |a RK 
958 |a OND 
999 |c 1052321  |d 1054251 
952 |t P60, <04>, [BOOK], {604}  |a SNK  |b SNK  |y VYP  |7 0  |p 17A0335456  |o snkIC 71479  |0 0  |1 0  |4 0  |d 2002-03-08  |l 0  |r 2005-01-01 00:00:00  |w 2026-02-24